000
00332 a2200109 4500
001
ART_38296
005
20260410161752.0
008
260409a
245
1
0
_a
El principio de congruencia en el derecho tributario
100
1
_a
Sequeira, Marcos A.
773
0
_t
Doctrina tributaria
_g
- NÂș 410 (mayo 2014)
_w
REV4296
999
_c
19746
_d
19746